OzzFest Artists - Sudden Death - Statistics

General Stats
  • This quiz has been taken 52 times
    48 since last reset
  • The average score is 8 of 23
Answers on the Grid
Answers color-coded by a green-red scale on the quiz's grid according to % correct below.
Ozzy Osbourne
Black Sabbath
Of Mice and Men
Papa Roach
System of a Down
Limp Bizkit
Evanescence
Stone Sour
Brotha Lynch Hung
The Sweet
Busta Rhymes
Iron Maiden
Kiss
Scorpions
Jelly Roll
Hollywood Vampires
Paul McCartney
Lita Ford
Gene Simmons Band
CueStack
Pantera
Black Label Society
Aerosmith
Marilyn Manson
Slipknot
Cutting Crew
Rob Zombie
D12
The Iron Maidens
Judas Priest
Linkin Park
Hollywood Undead
The Beach Boys
AC/DC
Metallica
Nirvana
Foo Fighters
Queens of the Stone Age
Tenacious D
Alice in Chains
Lamb of God
Wu-Tang Clan
Megadeth
Cypress Hill
Xzibit
The Doors
Motley Crue
Deftones
Motörhead
Halford
 
Answer Stats
Answer % Correct
Ozzy Osbourne
93%
Black Sabbath
87%
System of a Down
80%
Limp Bizkit
53%
Iron Maiden
47%
Papa Roach
47%
Black Label Society
33%
Judas Priest
33%
Linkin Park
33%
Marilyn Manson
33%
Pantera
33%
Rob Zombie
33%
Slipknot
33%
Lamb of God
27%
Metallica
27%
Motörhead
27%
Deftones
20%
Evanescence
20%
Megadeth
20%
Motley Crue
20%
Halford
13%
Of Mice and Men
7%
Foo Fighters
0%
No matching quizzes found
Score Distribution
Percent of People with Each Score
Percentile by Number Answered
Your Score History
You have not taken this quiz since the last reset